| 000 | 00434 a2200157 4500 | ||
|---|---|---|---|
| 003 | OSt | ||
| 005 | 20231110150725.0 | ||
| 008 | 231110b |||||||| |||| 00| 0 eng d | ||
| 020 | _a9789382581727 | ||
| 040 | _coclc | ||
| 082 |
_a894.812 _bKAK/A |
||
| 245 |
_aAkalam Palikkuka / _cHussain Kakkad |
||
| 260 |
_aCochin: _bDawa Books, _c2021. |
||
| 300 | _a158p | ||
| 942 |
_2ddc _cBK _h894.812 _iKAK/A _k894.812 _mKAK/A |
||
| 999 |
_c43042 _d43042 |
||